[Event "Zonal 2.5 Absoluto"]
[Site "Asuncion"]
[Date "2009.06.13"]
[Round "4"]
[White "Daneri, Martin"]
[Black "Benitez, Jose"]
[Result "1-0"]
[WhiteElo "2149"]
[BlackElo "1939"]
[PlyCount "129"]
[EventDate "2009.06.10"]
[EventType "team"]
[EventRounds "9"]
[EventCountry "PAR"]
[SourceDate "2009.06.10"]

1. c4 Nf6 2. Nc3 e6 3. e4 c5 4. e5 Ng8 5. Qg4 a6 6. Bd3 Nc6 7. Nf3 d5 8. exd6
Qxd6 9. Bb1 Nf6 10. Qg3 Qxg3 11. hxg3 Bd6 12. a3 Bd7 13. d3 h6 14. Bc2 Nd4 15.
Nxd4 cxd4 16. Ne2 e5 17. b4 b6 18. O-O g5 19. Bd2 O-O 20. f3 Nh7 21. g4 f5 22.
gxf5 Bxf5 23. Ng3 Bg6 24. Rae1 Nf6 25. Re2 a5 26. bxa5 bxa5 27. a4 Rfb8 28. Rb1
Rxb1+ 29. Bxb1 Nd7 30. Ne4 Bxe4 31. fxe4 Kf7 32. Bc2 Nc5 33. Re1 Na6 34. Bxa5
Bb4 35. Rf1+ Ke6 36. Bb6 Bd2 37. c5 Bf4 38. Bb3+ Ke7 39. Bd5 Rf8 40. Rb1 Bd2
41. c6 Kd6 42. a5 Nb4 43. c7 Nxd5 44. exd5 Kxd5 45. Rf1 Be3+ 46. Kh2 Rc8 47.
Rf7 Kc6 48. Rf6+ Kb5 49. Rxh6 e4 50. dxe4 Bf4+ 51. g3 Bxc7 52. Bxd4 Bxa5 53.
Rh5 Bd2 54. Bf6 Rg8 55. Kh3 Kc4 56. Kg4 Kd3 57. Kf5 Re8 58. e5 Kd4 59. Rh7 Be1
60. Rd7+ Kc5 61. g4 Kc6 62. Rd6+ Kc5 63. Kxg5 Bg3 64. Kf5 Rf8 65. Kg6 1-0

[Event "Zonal 2.5 Absoluto"]
[Site "Asuncion"]
[Date "2009.06.13"]
[Round "4"]
[White "Perez Ferloni, Jose"]
[Black "Zacarias, Ruben"]
[Result "0-1"]
[WhiteElo "1916"]
[BlackElo "2209"]
[PlyCount "70"]
[EventDate "2009.06.10"]
[EventType "team"]
[EventRounds "9"]
[EventCountry "PAR"]
[SourceDate "2009.06.10"]

1. d4 Nf6 2. Nf3 c5 3. c3 g6 4. Bf4 Bg7 5. e3 O-O 6. Bd3 d6 7. Nbd2 Nc6 8. Qc2
Nh5 9. Bg3 e5 10. d5 Ne7 11. e4 h6 12. h3 a6 13. Bh2 f5 14. c4 f4 15. a4 g5 16.
Be2 Nf6 17. g3 Bxh3 18. gxf4 Bg2 19. Rg1 Bxf3 20. Nxf3 exf4 21. Nxg5 hxg5 22.
Rxg5 Nh7 23. Rg4 f3 24. Bd3 Qd7 25. Rxg7+ Kxg7 26. e5 Qh3 27. Bg3 Nf5 28. Bxf5
Qxf5 29. Qxf5 Rxf5 30. e6 Re8 31. Bxd6 Ng5 32. Bxc5 Nxe6 33. Be3 Nf4 34. O-O-O
Rc8 35. Bxf4 Rxc4+ 0-1

[Event "Zonal 2.5 Absoluto"]
[Site "Asuncion"]
[Date "2009.06.13"]
[Round "4"]
[White "Mareco, Sandro"]
[Black "Cubas, Jose Fernando"]
[Result "1-0"]
[WhiteElo "2512"]
[BlackElo "2434"]
[PlyCount "63"]
[EventDate "2009.06.10"]
[EventType "team"]
[EventRounds "9"]
[EventCountry "PAR"]
[SourceDate "2009.06.10"]

1. d4 d5 2. c4 c6 3. Nf3 Nf6 4. Nc3 dxc4 5. a4 Bf5 6. Ne5 Nbd7 7. Nxc4 Qc7 8.
g3 e5 9. dxe5 Nxe5 10. Bf4 Nfd7 11. Bg2 g5 12. Ne3 gxf4 13. Nxf5 O-O-O 14. Qc2
Ng6 15. O-O Kb8 16. Rfc1 h5 17. b4 fxg3 18. hxg3 h4 19. Nb5 Qe5 20. Nbd4 Rc8
21. b5 Bc5 22. bxc6 Bxd4 23. Nxd4 hxg3 24. Qb2 gxf2+ 25. Kf1 Nb6 26. cxb7 Rxc1+
27. Rxc1 Ne7 28. a5 Nd7 29. Qc3 Nf6 30. Nc6+ Nxc6 31. Qxc6 Ng4 32. Qc8+ 1-0

[Event "Zonal 2.5 Absoluto"]
[Site "Asuncion"]
[Date "2009.06.13"]
[Round "4"]
[White "Felgaer, Ruben"]
[Black "Lemos, Damian"]
[Result "1-0"]
[WhiteElo "2561"]
[BlackElo "2512"]
[PlyCount "71"]
[EventDate "2009.06.10"]
[EventType "team"]
[EventRounds "9"]
[EventCountry "PAR"]
[SourceDate "2009.06.10"]

1. e4 c5 2. Nf3 e6 3. d4 cxd4 4. Nxd4 a6 5. Nc3 Qc7 6. g3 Nf6 7. Bg2 d6 8. O-O
Bd7 9. a4 Be7 10. f4 Nc6 11. Nb3 O-O 12. Kh1 Na5 13. e5 Ne8 14. Nxa5 Qxa5 15.
Bxb7 Rd8 16. Qe2 Nc7 17. exd6 Bxd6 18. Bg2 f5 19. Rd1 Bc8 20. Be3 Qb4 21. Ra3
Qa5 22. Rb3 Bb4 23. Ra1 Bc5 24. Rb8 Bd7 25. b4 Bxb4 26. Bb6 Rxb8 27. Bxa5 Bxa5
28. Qe5 Bxc3 29. Qxc3 Rfc8 30. Qd4 Rd8 31. Qd6 Nd5 32. c4 Ne3 33. c5 Rb2 34. c6
Rdb8 35. c7 Rb1+ 36. Bf1 1-0

[Event "Zonal 2.5 Absoluto"]
[Site "Asuncion"]
[Date "2009.06.13"]
[Round "4"]
[White "Morovic, Ivan"]
[Black "Rodriguez, Andres"]
[Result "1-0"]
[WhiteElo "2551"]
[BlackElo "2524"]
[PlyCount "99"]
[EventDate "2009.06.10"]
[EventType "team"]
[EventRounds "9"]
[EventCountry "PAR"]
[SourceDate "2009.06.10"]

1. Nf3 d6 2. d4 g6 3. e4 Bg4 4. Be2 Bg7 5. O-O e5 6. dxe5 dxe5 7. Qxd8+ Kxd8 8.
Rd1+ Nd7 9. Nxe5 Bxe2 10. Rxd7+ Ke8 11. Rd2 Bxe5 12. Rxe2 Ne7 13. Nd2 Rd8 14.
Re1 Nc6 15. c3 Bf4 16. Nf3 Bxc1 17. Raxc1 Ke7 18. Rcd1 f6 19. Kf1 Rd6 20. e5
fxe5 21. Nxe5 Nxe5 22. Rxe5+ Kf6 23. Rxd6+ cxd6 24. Rb5 b6 25. a4 Ke6 26. a5
Kd7 27. axb6 Kc6 28. c4 axb6 29. h4 Ra8 30. Ke2 Re8+ 31. Kd3 Rf8 32. f3 h6 33.
Ke3 Re8+ 34. Kf2 Ra8 35. g4 Ra1 36. Kg3 Rc1 37. b3 Rc3 38. Kf4 Rd3 39. Ke4 Rc3
40. h5 g5 41. Kf5 Rxf3+ 42. Kg6 Rg3 43. Kxh6 Rxg4 44. Kg7 Re4 45. h6 g4 46. Rg5
Re7+ 47. Kg8 Kd7 48. h7 Re8+ 49. Kg7 Re7+ 50. Kh6 1-0

[Event "Zonal 2.5 Absoluto"]
[Site "Asuncion"]
[Date "2009.06.13"]
[Round "4"]
[White "Lopez Silva, Hugo"]
[Black "Bachmann, Axel"]
[Result "1/2-1/2"]
[WhiteElo "2424"]
[BlackElo "2555"]
[PlyCount "37"]
[EventDate "2009.06.10"]
[EventType "team"]
[EventRounds "9"]
[EventCountry "PAR"]
[SourceDate "2009.06.10"]

1. e4 c5 2. Nf3 Nc6 3. d4 cxd4 4. Nxd4 Qb6 5. Nb3 Nf6 6. Nc3 e6 7. Qe2 Bb4 8.
Bd2 O-O 9. O-O-O Be7 10. g4 d5 11. g5 Nxe4 12. Nxe4 dxe4 13. Qxe4 e5 14. h4 Rd8
15. f4 Be6 16. Bc4 Bxc4 17. Qxc4 Rac8 18. Qe4 exf4 19. Rhf1 1/2-1/2

[Event "Zonal 2.5 Absoluto"]
[Site "Asuncion"]
[Date "2009.06.13"]
[Round "4"]
[White "Lafuente, Pablo"]
[Black "Pierrot, Facundo"]
[Result "1/2-1/2"]
[WhiteElo "2517"]
[BlackElo "2424"]
[PlyCount "61"]
[EventDate "2009.06.10"]
[EventType "team"]
[EventRounds "9"]
[EventCountry "PAR"]
[SourceDate "2009.06.10"]

1. c4 c5 2. Nc3 Nc6 3. Nf3 e5 4. g3 g6 5. Bg2 Bg7 6. O-O Nge7 7. Ne1 d6 8. Nc2
O-O 9. Ne3 Rb8 10. d3 a6 11. a4 f5 12. Ned5 Nxd5 13. Nxd5 a5 14. e3 Ne7 15. Bd2
b6 16. Bc3 Be6 17. f4 Nxd5 18. cxd5 Bd7 19. fxe5 dxe5 20. b3 Qe7 21. Ra2 Qd6
22. Raf2 Rf7 23. e4 Rbf8 24. Qe2 Bc8 25. Bh3 Bd7 26. Rf3 Qe7 27. R3f2 Qd6 28.
Bg2 Qe7 29. Kh1 Qd6 30. Qb2 Bc8 31. Qe2 1/2-1/2

[Event "Zonal 2.5 Absoluto"]
[Site "Asuncion"]
[Date "2009.06.13"]
[Round "4"]
[White "Roman, Rodrigo"]
[Black "Villalba, Marcelo"]
[Result "0-1"]
[WhiteElo "1848"]
[BlackElo "2020"]
[PlyCount "84"]
[EventDate "2009.06.10"]
[EventType "team"]
[EventRounds "9"]
[EventCountry "PAR"]
[SourceDate "2009.06.10"]

1. d4 Nf6 2. Nf3 d5 3. g3 Bg4 4. Bg2 e6 5. O-O Be7 6. c4 c6 7. Nbd2 O-O 8. b3
Nbd7 9. Bb2 Re8 10. Ne5 Nxe5 11. dxe5 Nd7 12. h3 Bh5 13. cxd5 cxd5 14. g4 Bg6
15. e4 dxe4 16. Nxe4 Bxe4 17. Bxe4 Nc5 18. Qe2 Nxe4 19. Qxe4 Qd2 20. Bc1 Qd7
21. Be3 Red8 22. Rfd1 Qb5 23. Rac1 Ba3 24. Rxd8+ Rxd8 25. Rc4 Bb2 26. Bd4 Bxd4
27. Rxd4 Rc8 28. Rc4 Rxc4 29. Qxc4 Qxc4 30. bxc4 Kf8 31. f4 Ke7 32. Kf2 Kd7 33.
Ke3 Kc6 34. Kd4 b5 35. Kc3 Kc5 36. cxb5 Kxb5 37. Kb3 g5 38. f5 Kc5 39. Ka4 Kd5
40. Ka5 exf5 41. gxf5 Kxe5 42. Ka6 h5 0-1

[Event "Zonal 2.5 Absoluto"]
[Site "Asuncion"]
[Date "2009.06.13"]
[Round "4"]
[White "Goiriz, Damian"]
[Black "Sartori, Sergio"]
[Result "1-0"]
[WhiteElo "2056"]
[BlackElo "2051"]
[PlyCount "99"]
[EventDate "2009.06.10"]
[EventType "team"]
[EventRounds "9"]
[EventCountry "PAR"]
[SourceDate "2009.06.10"]

1. Nf3 d6 2. d4 g6 3. g3 Bg7 4. Bg2 Nf6 5. O-O O-O 6. b3 Nbd7 7. Bb2 c6 8. c4
Ne4 9. Qc2 f5 10. Nfd2 Nxd2 11. Nxd2 Qe8 12. d5 Bxb2 13. Qxb2 Nf6 14. e4 fxe4
15. Nxe4 Nxe4 16. Bxe4 e6 17. Rfe1 cxd5 18. Bxd5 Qf7 19. Bg2 a5 20. Rad1 Ra6
21. f4 Qg7 22. Qe2 Qf6 23. Rd2 Qf5 24. Red1 Qc5+ 25. Kh1 a4 26. h4 axb3 27.
axb3 Rb6 28. Rd3 Re8 29. Rd5 Qc7 30. h5 Rxb3 31. Kh2 Qg7 32. hxg6 hxg6 33. Rg5
Rb2 34. Qd3 Kf7 35. Qxd6 Qh6+ 36. Kg1 Re2 37. Qd3 Ra2 38. Rc5 e5 39. Rxc8 e4
40. Qd5+ Re6 41. Re8 Raa6 42. Rxe6 Rxe6 43. Qxb7+ Kf6 44. Qd5 e3 45. Qg5+ Qxg5
46. fxg5+ Kxg5 47. c5 Kg4 48. c6 Re7 49. Rc1 Kxg3 50. c7 1-0

[Event "Zonal 2.5 Absoluto"]
[Site "Asuncion"]
[Date "2009.06.13"]
[Round "4"]
[White "Gamarra, Ramon"]
[Black "Flores, Diego"]
[Result "0-1"]
[WhiteElo "1990"]
[BlackElo "2585"]
[PlyCount "108"]
[EventDate "2009.06.10"]
[EventType "team"]
[EventRounds "9"]
[EventCountry "PAR"]
[SourceDate "2009.06.10"]

1. Nf3 c5 2. g3 Nc6 3. Bg2 g6 4. O-O Bg7 5. d3 e5 6. e4 Nge7 7. Be3 b6 8. c4
O-O 9. Nc3 d6 10. Qd2 Rb8 11. Rac1 Nd4 12. Ne1 Be6 13. Nd5 Nec6 14. Nc2 b5 15.
cxb5 Rxb5 16. Na3 Rb8 17. Nc4 Nb4 18. Nc3 Qd7 19. f4 exf4 20. gxf4 f5 21. b3
Rbe8 22. Kh1 Kh8 23. Bf2 d5 24. Ne5 Bxe5 25. fxe5 dxe4 26. dxe4 f4 27. Bxd4
Qxd4 28. Qe2 Nd3 29. Rc2 Nxe5 30. Rd1 Qb4 31. Qb5 Ng4 32. Rd3 Ne5 33. Rdd2 Rb8
34. Qa6 Qb6 35. Rd6 Qxa6 36. Rxa6 Rb6 37. Rxa7 c4 38. bxc4 Bxc4 39. Kg1 g5 40.
h3 h5 41. Ra5 Re8 42. Bf1 Bf7 43. Bb5 Re7 44. a4 g4 45. hxg4 hxg4 46. Ne2 Nf3+
47. Kf2 Rxe4 48. Ra8+ Kg7 49. Rc7 Ng5 50. Nc3 g3+ 51. Kg2 Rh6 52. Nxe4 Rh2+ 53.
Kg1 Nh3+ 54. Kf1 g2+ 0-1

[Event "Zonal 2.5 Absoluto"]
[Site "Asuncion"]
[Date "2009.06.13"]
[Round "4"]
[White "Valdes Escobar, Alvaro"]
[Black "Roselli, Bernardo"]
[Result "1/2-1/2"]
[WhiteElo "2393"]
[BlackElo "2379"]
[PlyCount "136"]
[EventDate "2009.06.10"]
[EventType "team"]
[EventRounds "9"]
[EventCountry "PAR"]
[SourceDate "2009.06.10"]

1. e4 e6 2. d4 d5 3. exd5 exd5 4. Nf3 Bg4 5. h3 Bh5 6. Qe2+ Qe7 7. Be3 Nc6 8.
Nc3 O-O-O 9. g4 Bg6 10. O-O-O f6 11. a3 a6 12. Nd2 f5 13. Nb3 Qf7 14. Qd2 Nf6
15. f3 fxg4 16. hxg4 Bd6 17. Bg2 Rhe8 18. Kb1 Kb8 19. Rhf1 Na7 20. Nc1 Nc8 21.
Na4 Nb6 22. Nxb6 cxb6 23. Nd3 Rc8 24. Rc1 Nd7 25. f4 Be4 26. Ne5 Bxe5 27. dxe5
Nc5 28. Bxe4 Nxe4 29. Qd4 Rc4 30. Qd3 Nc5 31. Qxh7 Ne4 32. Rfd1 Ka7 33. Qf5
Qxf5 34. gxf5 Ng3 35. Rxd5 Nxf5 36. Bd2 Re6 37. b3 Rd4 38. Rxd4 Nxd4 39. Be3
Nf5 40. Re1 Kb8 41. c4 Kc7 42. Kc2 Kc6 43. Kd3 b5 44. cxb5+ axb5 45. Rc1+ Kd7
46. Rc5 Rh6 47. Ke4 Nxe3 48. Kxe3 Rh3+ 49. Ke4 Rxb3 50. f5 Rxa3 51. e6+ Kd8 52.
Rxb5 Ra7 53. Kf4 Ke7 54. Kg5 Kf8 55. Rd5 Ra1 56. Rd8+ Ke7 57. Rd7+ Kf8 58. Rf7+
Kg8 59. Rxb7 Rg1+ 60. Kf4 Kf8 61. Rd7 Ke8 62. Rd4 Ke7 63. Rd7+ Ke8 64. Rd3 Ke7
65. Rg3 Rxg3 66. Kxg3 g6 67. Kf4 gxf5 68. Kxf5 Ke8 1/2-1/2

[Event "Zonal 2.5 Absoluto"]
[Site "Asuncion"]
[Date "2009.06.13"]
[Round "4"]
[White "Demaria, Juan Pablo"]
[Black "Riline, Alejandro"]
[Result "1/2-1/2"]
[WhiteElo "2288"]
[BlackElo "2209"]
[PlyCount "197"]
[EventDate "2009.06.10"]
[EventType "team"]
[EventRounds "9"]
[EventCountry "PAR"]
[SourceDate "2009.06.10"]

1. e4 Nf6 2. e5 Nd5 3. d4 d6 4. Nf3 dxe5 5. Nxe5 g6 6. c4 Nb6 7. Nc3 Bg7 8. Bf4
O-O 9. Be2 c6 10. O-O Be6 11. b3 N8d7 12. Nf3 Bg4 13. Qd2 Bxf3 14. Bxf3 e5 15.
Bg5 f6 16. Be3 exd4 17. Bxd4 Ne5 18. Be2 f5 19. Rad1 Qh4 20. c5 Rad8 21. g3 Qh3
22. Qe3 Nbd7 23. f4 Nf7 24. Bc4 Rde8 25. Qf2 Nf6 26. Bxf6 Bxf6 27. Ne2 Re7 28.
Nd4 Rfe8 29. Nf3 Qh6 30. Rfe1 Qf8 31. Rxe7 Qxe7 32. Re1 Qd8 33. Ne5 Bxe5 34.
fxe5 Kf8 35. e6 Ng5 36. Qe3 Qd4 37. Qxd4 Nf3+ 38. Kf2 Nxd4 39. Re5 Ke7 40. Ke3
Rd8 41. Kf2 Nc2 42. Re2 Nb4 43. Ke3 Nd5+ 44. Kf3 Nf6 45. Kf4 h6 46. h3 Rd4+ 47.
Kf3 Ne4 48. Ke3 Rd1 49. g4 Rh1 50. gxf5 gxf5 51. Rg2 Rxh3+ 52. Kf4 Kf6 53. Rg8
Rh4+ 54. Ke3 Nxc5 55. Rf8+ Ke7 56. Rxf5 b6 57. Rf7+ Kd6 58. Rxa7 b5 59. Be2
Re4+ 60. Kf3 Rxe6 61. b4 Na4 62. Bd1 Nc3 63. Bb3 Re4 64. a3 Rh4 65. Kg3 Rh1 66.
Kg4 Rb1 67. Bf7 Ra1 68. Be8 Nd5 69. Kh4 Nc7 70. Bf7 Rf1 71. Bb3 Rf3 72. Ba2 Kd7
73. Kg4 Rf2 74. Bb1 Rb2 75. Bf5+ Kd6 76. Kh5 Rh2+ 77. Kg4 Rg2+ 78. Kh4 Rg5 79.
Be4 Rg8 80. a4 Re8 81. Bg6 Re6 82. Bf5 Re5 83. Bh7 Rd5 84. axb5 Nxb5 85. Rg7
Rd4+ 86. Rg4 Ke5 87. Rxd4 Kxd4 88. Kh5 Nc7 89. Bf5 Nd5 90. Kxh6 Nxb4 91. Bd7 c5
92. Bb5 Nd5 93. Kg5 Nc3 94. Ba6 Nd5 95. Kg4 Nc7 96. Bf1 Ke3 97. Kf5 Nd5 98. Ke5
Nb6 99. Bb5 1/2-1/2

[Event "Zonal 2.5 Absoluto"]
[Site "Asuncion"]
[Date "2009.06.14"]
[Round "5"]
[White "Morovic, Ivan"]
[Black "Felgaer, Ruben"]
[Result "1/2-1/2"]
[WhiteElo "2551"]
[BlackElo "2561"]
[PlyCount "30"]
[EventDate "2009.06.10"]
[EventType "team"]
[EventRounds "9"]
[EventCountry "PAR"]
[SourceDate "2009.06.10"]

1. Nf3 d5 2. e3 Nf6 3. c4 g6 4. cxd5 Nxd5 5. d4 Bg7 6. e4 Nb6 7. Be3 Bg4 8.
Nbd2 O-O 9. h3 Bxf3 10. Nxf3 c5 11. dxc5 Qxd1+ 12. Rxd1 Na4 13. e5 Nc6 14. Bb5
Nxb2 15. Rd7 Rad8 1/2-1/2

[Event "Zonal 2.5 Absoluto"]
[Site "Asuncion"]
[Date "2009.06.14"]
[Round "5"]
[White "Lemos, Damian"]
[Black "Mareco, Sandro"]
[Result "1/2-1/2"]
[WhiteElo "2512"]
[BlackElo "2512"]
[PlyCount "51"]
[EventDate "2009.06.10"]
[EventType "team"]
[EventRounds "9"]
[EventCountry "PAR"]
[SourceDate "2009.06.10"]

1. Nf3 Nf6 2. c4 e6 3. Nc3 Bb4 4. Qb3 c5 5. a3 Ba5 6. g3 O-O 7. Bg2 Nc6 8. O-O
h6 9. d3 d6 10. e3 e5 11. Nd2 a6 12. Nd5 Nxd5 13. cxd5 Ne7 14. Nc4 Bc7 15. a4
b6 16. Bd2 Bd7 17. Qc2 Ng6 18. b4 b5 19. axb5 axb5 20. Na3 Bb6 21. Qb3 Qf6 22.
Nxb5 Bxb5 23. bxc5 Bxd3 24. Qxd3 Bxc5 25. Be4 Qg5 26. Rxa8 1/2-1/2

[Event "Zonal 2.5 Absoluto"]
[Site "Asuncion"]
[Date "2009.06.14"]
[Round "5"]
[White "Pierrot, Facundo"]
[Black "Lopez Silva, Hugo"]
[Result "1/2-1/2"]
[WhiteElo "2424"]
[BlackElo "2424"]
[PlyCount "110"]
[EventDate "2009.06.10"]
[EventType "team"]
[EventRounds "9"]
[EventCountry "PAR"]
[SourceDate "2009.06.10"]

1. e4 e5 2. Nf3 Nc6 3. Bb5 a6 4. Ba4 Nf6 5. O-O b5 6. Bb3 Be7 7. Re1 d6 8. c3
O-O 9. h3 Bb7 10. d4 Re8 11. Nbd2 Bf8 12. d5 Nb8 13. Nf1 Nbd7 14. N3h2 Nc5 15.
Bc2 c6 16. b4 Ncd7 17. dxc6 Bxc6 18. Bg5 h6 19. Bxf6 Nxf6 20. Ng4 Nxg4 21. Qxg4
Bd7 22. Qf3 Rc8 23. Bb3 Be6 24. Qd3 Qc7 25. Rec1 Be7 26. Rc2 Bg5 27. Bd5 Bxd5
28. Qxd5 Qc4 29. Rd1 Qxd5 30. Rxd5 Rc4 31. f3 Rec8 32. Rxd6 Be7 33. Rxa6 Bxb4
34. Kh2 Rxc3 35. Rxc3 Rxc3 36. Rb6 Rc1 37. Rxb5 Rxf1 38. Rxb4 Rf2 39. Ra4 h5
40. h4 Kh7 41. Kh3 f6 42. Ra3 Kg6 43. g4 hxg4+ 44. Kxg4 Rg2+ 45. Kh3 Rf2 46.
Kg3 Re2 47. Ra7 Rc2 48. a4 Ra2 49. a5 Kh6 50. a6 g6 51. Ra8 Kh7 52. a7 Kg7 53.
f4 Ra3+ 54. Kg4 f5+ 55. exf5 gxf5+ 1/2-1/2

[Event "Zonal 2.5 Absoluto"]
[Site "Asuncion"]
[Date "2009.06.14"]
[Round "5"]
[White "Flores, Diego"]
[Black "Valdes Escobar, Alvaro"]
[Result "1-0"]
[WhiteElo "2585"]
[BlackElo "2393"]
[PlyCount "53"]
[EventDate "2009.06.10"]
[EventType "team"]
[EventRounds "9"]
[EventCountry "PAR"]
[SourceDate "2009.06.10"]

1. c4 e5 2. Nc3 Nc6 3. g3 g6 4. Bg2 Bg7 5. e3 d6 6. Nge2 h5 7. d4 h4 8. d5 Nb8
9. e4 Bg4 10. O-O hxg3 11. hxg3 Qd7 12. f3 Bh3 13. g4 f5 14. exf5 gxf5 15. Qc2
Ne7 16. Bg5 Na6 17. Bxe7 Qxe7 18. Ng3 fxg4 19. Qg6+ Qf7 20. Qxf7+ Kxf7 21.
fxg4+ Kg8 22. Bxh3 Rxh3 23. Kg2 Rh4 24. Nf5 Rxg4+ 25. Kh3 Rg5 26. Ne4 Rh5+ 27.
Kg4 1-0

[Event "Zonal 2.5 Absoluto"]
[Site "Asuncion"]
[Date "2009.06.14"]
[Round "5"]
[White "Bachmann, Axel"]
[Black "Kropff, Ricardo"]
[Result "1-0"]
[WhiteElo "2555"]
[BlackElo "2298"]
[PlyCount "63"]
[EventDate "2009.06.10"]
[EventType "team"]
[EventRounds "9"]
[EventCountry "PAR"]
[SourceDate "2009.06.10"]

1. e4 c6 2. d4 d5 3. e5 Bf5 4. Nf3 e6 5. Be2 Nd7 6. O-O h6 7. b3 Ne7 8. c4 Bh7
9. Nc3 Nf5 10. Bd3 Bg6 11. Ne2 Nh4 12. Nxh4 Bxd3 13. Qxd3 Qxh4 14. f4 g6 15.
Bd2 Qd8 16. Rac1 Be7 17. cxd5 cxd5 18. g4 Qb6 19. Kh1 Qa6 20. Qxa6 bxa6 21. f5
gxf5 22. gxf5 Nb6 23. fxe6 fxe6 24. Nf4 Bg5 25. h4 Bxf4 26. Rxf4 Rc8 27. Rf6
Rxc1+ 28. Bxc1 h5 29. Rxe6+ Kd7 30. Rd6+ Kc7 31. Bd2 Rg8 32. Bg5 1-0

[Event "Zonal 2.5 Absoluto"]
[Site "Asuncion"]
[Date "2009.06.14"]
[Round "5"]
[White "Rodriguez, Andres"]
[Black "Lafuente, Pablo"]
[Result "0-1"]
[WhiteElo "2524"]
[BlackElo "2517"]
[PlyCount "144"]
[EventDate "2009.06.10"]
[EventType "team"]
[EventRounds "9"]
[EventCountry "PAR"]
[SourceDate "2009.06.10"]

1. e4 c6 2. d4 d5 3. Nd2 dxe4 4. Nxe4 Nd7 5. c4 Ngf6 6. Nc3 e6 7. Be3 c5 8. Nf3
cxd4 9. Bxd4 Qc7 10. Be2 a6 11. Qa4 Be7 12. O-O O-O 13. b4 b6 14. Rac1 Bb7 15.
Qb3 Ng4 16. g3 Qc6 17. b5 Qc7 18. bxa6 Rxa6 19. Nd2 Nge5 20. Nb5 Qc6 21. f3
Rfa8 22. Rc2 Bc5 23. Ne4 Bxd4+ 24. Nxd4 Qc8 25. c5 Ra3 26. cxb6 Qd8 27. Qb1
Bxe4 28. fxe4 Qxb6 29. Qxb6 Nxb6 30. Rb1 Nbd7 31. Rbb2 R3a4 32. Nb5 Rxe4 33.
Bf1 g6 34. Rc7 Nf6 35. Nc3 Re1 36. Re2 Rxe2 37. Bxe2 Nd5 38. Nxd5 exd5 39. Rc2
d4 40. Rc5 f6 41. Bd1 Kf8 42. Bb3 Ra7 43. h3 Ke7 44. Rd5 h5 45. Kf2 Rd7 46. Rb5
d3 47. Rb6 d2 48. Re6+ Kf8 49. Ke2 Kg7 50. a4 Nd3 51. Bd1 h4 52. Re3 hxg3 53.
Rxg3 Nb2 54. a5 Re7+ 55. Kxd2 Rd7+ 56. Kc2 Nxd1 57. Rd3 Ra7 58. Kxd1 Rxa5 59.
Ke2 Rf5 60. Rg3 Kh6 61. Ke3 Kh5 62. Ke2 Rf4 63. Ra3 Kh4 64. Rb3 g5 65. Ke1 f5
66. Ke2 g4 67. hxg4 fxg4 68. Ra3 g3 69. Ra8 Kh3 70. Rh8+ Kg2 71. Ke3 Rf7 72.
Rg8 Re7+ 0-1

[Event "Zonal 2.5 Absoluto"]
[Site "Asuncion"]
[Date "2009.06.14"]
[Round "5"]
[White "Cubas, Jose Fernando"]
[Black "Roselli, Bernardo"]
[Result "1/2-1/2"]
[WhiteElo "2434"]
[BlackElo "2379"]
[PlyCount "87"]
[EventDate "2009.06.10"]
[EventType "team"]
[EventRounds "9"]
[EventCountry "PAR"]
[SourceDate "2009.06.10"]

1. e4 e6 2. d4 d5 3. e5 c5 4. c3 Nc6 5. Nf3 Qb6 6. a3 Nh6 7. b4 cxd4 8. cxd4
Nf5 9. Be3 Bd7 10. Bd3 Rc8 11. O-O Nxe3 12. fxe3 Nd8 13. Qd2 Be7 14. Nc3 f5 15.
exf6 Bxf6 16. Rac1 O-O 17. Na4 Qd6 18. Rxc8 Bxc8 19. Qc2 Nf7 20. Bxh7+ Kh8 21.
Bg6 Nh6 22. Nc5 Ng4 23. Qe2 Bg5 24. e4 Be3+ 25. Kh1 e5 26. Nxe5 Rxf1+ 27. Qxf1
Nxe5 28. dxe5 Qxg6 29. Qf8+ Kh7 30. Qxc8 Bxc5 31. Qh3+ Kg8 32. bxc5 Qxe4 33.
Qe6+ Kh7 34. h3 d4 35. Qd6 d3 36. e6 Kg6 37. a4 Qe1+ 38. Kh2 d2 39. e7+ Kf7 40.
Qd7 Qe5+ 41. Kh1 Qe1+ 42. Kh2 Qe5+ 43. Kh1 Qe1+ 44. Kh2 1/2-1/2

[Event "Zonal 2.5 Absoluto"]
[Site "Asuncion"]
[Date "2009.06.14"]
[Round "5"]
[White "Villalba, Marcelo"]
[Black "Demaria, Juan Pablo"]
[Result "1-0"]
[WhiteElo "2020"]
[BlackElo "2288"]
[PlyCount "53"]
[EventDate "2009.06.10"]
[EventType "team"]
[EventRounds "9"]
[EventCountry "PAR"]
[SourceDate "2009.06.10"]

1. e4 c5 2. Nf3 d6 3. d4 cxd4 4. Nxd4 Nf6 5. Nc3 Nc6 6. Bc4 e6 7. Bb3 a6 8. f4
Be7 9. Be3 O-O 10. Qf3 Qc7 11. O-O-O Na5 12. f5 e5 13. Nde2 b5 14. Bd5 Rb8 15.
a3 Nc4 16. Bxc4 bxc4 17. g4 Bb7 18. g5 Nxe4 19. Nxe4 d5 20. f6 dxe4 21. Qf2 Bd6
22. fxg7 Rfc8 23. Rhf1 Rd8 24. Bb6 Qe7 25. Bxd8 Rxd8 26. Qf6 Qc7 27. Ng3 1-0

[Event "Zonal 2.5 Absoluto"]
[Site "Asuncion"]
[Date "2009.06.14"]
[Round "5"]
[White "Garcia Cardenas, Pablo"]
[Black "Del Puerto, Rodrigo"]
[Result "1-0"]
[WhiteElo "2314"]
[BlackElo "2090"]
[PlyCount "121"]
[EventDate "2009.06.10"]
[EventType "team"]
[EventRounds "9"]
[EventCountry "PAR"]
[SourceDate "2009.06.10"]

1. e4 c5 2. Nf3 e6 3. d4 cxd4 4. Nxd4 a6 5. Nc3 Qc7 6. Be2 Bb4 7. Qd3 Nf6 8.
O-O Nc6 9. Bg5 Be7 10. Kh1 Ng4 11. Bxg4 Bxg5 12. Rad1 O-O 13. Nde2 Be7 14. f4
d6 15. Bf3 b5 16. g4 Bb7 17. Ng3 Rad8 18. Rd2 Na5 19. Rg2 Nc4 20. b3 Nb6 21. g5
d5 22. e5 Rc8 23. Nd1 g6 24. h4 Nd7 25. Qe2 Rfd8 26. h5 Nc5 27. Nf2 d4 28. Bxb7
Qxb7 29. Nge4 Nxe4 30. Nxe4 Rxc2 31. Qxc2 d3 32. Nc5 dxc2 33. Nxb7 Rd1 34. Rxc2
Rxf1+ 35. Kg2 Rxf4 36. Rc8+ Bf8 37. Nc5 Rg4+ 38. Kf3 Rxg5 39. Nd7 gxh5 40.
Rxf8+ Kg7 41. Rc8 h4 42. Rc2 Rg3+ 43. Kf4 a5 44. Nf6 Rg1 45. Rh2 a4 46. Rxh4 h6
47. Rg4+ Rxg4+ 48. Kxg4 axb3 49. axb3 b4 50. Kh5 Kh8 51. Ne8 Kh7 52. Nd6 Kg7
53. Ne4 Kh7 54. Nf6+ Kh8 55. Ng4 Kg7 56. Nxh6 f6 57. Ng4 fxe5 58. Kg5 Kf7 59.
Nxe5+ Ke7 60. Kf4 Kd6 61. Ke4 1-0

[Event "Zonal 2.5 Absoluto"]
[Site "Asuncion"]
[Date "2009.06.14"]
[Round "5"]
[White "Riline, Alejandro"]
[Black "Goiriz, Damian"]
[Result "1-0"]
[WhiteElo "2209"]
[BlackElo "2056"]
[PlyCount "81"]
[EventDate "2009.06.10"]
[EventType "team"]
[EventRounds "9"]
[EventCountry "PAR"]
[SourceDate "2009.06.10"]

1. Nf3 d5 2. d4 Nf6 3. c4 e6 4. g3 c5 5. cxd5 exd5 6. Bg2 Be7 7. O-O O-O 8. Nc3
Nc6 9. h3 Ne4 10. Be3 Nxc3 11. bxc3 c4 12. Ne5 Be6 13. f4 f5 14. Rb1 Rb8 15.
Qa4 Qd6 16. Rb2 Rfc8 17. Rfb1 b6 18. Nxc6 Qxc6 19. Qxa7 Bd8 20. Qa6 Bf7 21. Qb5
Qe6 22. Bf2 Be7 23. Qa4 Ra8 24. Qc2 Bd8 25. Rb5 Qd7 26. Bf3 Ra6 27. R1b2 Rca8
28. R5b4 g6 29. Qd2 Qa7 30. Qe3 Rxa2 31. Rxa2 Qxa2 32. Bxd5 Bxd5 33. Qe8+ Kg7
34. Qe5+ Bf6 35. Qxd5 Qa1+ 36. Kg2 Qxc3 37. Rxc4 Qa5 38. Rc7+ Kh6 39. Qf7 Rh8
40. Qxf6 Qd5+ 41. Kh2 1-0

[Event "Zonal 2.5 Absoluto"]
[Site "Asuncion"]
[Date "2009.06.14"]
[Round "5"]
[White "Zacarias, Ruben"]
[Black "Pereira, Fabian"]
[Result "0-1"]
[WhiteElo "2209"]
[BlackElo "2062"]
[PlyCount "52"]
[EventDate "2009.06.10"]
[EventType "team"]
[EventRounds "9"]
[EventCountry "PAR"]
[SourceDate "2009.06.10"]

1. e4 c5 2. Nf3 d6 3. d4 cxd4 4. Nxd4 Nf6 5. Nc3 a6 6. Bg5 e6 7. f4 Be7 8. Qf3
Qc7 9. O-O-O Nbd7 10. g4 h6 11. Bh4 g5 12. e5 dxe5 13. fxg5 hxg5 14. Bg3 Qb6
15. Nb3 Qb4 16. Be2 e4 17. Qe3 Nc5 18. Be5 Nxb3+ 19. axb3 Qa5 20. Qd4 Rh6 21.
Bd6 Bxd6 22. Qxd6 Bd7 23. b4 Qa1+ 24. Kd2 Qxb2 25. Rb1 e3+ 26. Kd3 Qxc3+ 0-1